Central Library || Chittagong University

The range of ethics : (Record no. 112450)

MARC details
000 -LEADER
fixed length control field 00527nam a22001697a 4500
003 - CONTROL NUMBER IDENTIFIER
control field BD-ChCU
005 - DATE AND TIME OF LATEST TRANSACTION
control field 20260426135447.0
008 - FIXED-LENGTH DATA ELEMENTS--GENERAL INFORMATION
fixed length control field 260426b bg ||||| |||| 00| 0 ben d
040 ## - CATALOGING SOURCE
Transcribing agency BD-ChCU
082 ## - DEWEY DECIMAL CLASSIFICATION NUMBER
Classification number 177 TIR
100 ## - MAIN ENTRY--PERSONAL NAME
Personal name Titus, Harold H. and Keeton, Morris T.
9 (RLIN) 21952
245 ## - TITLE STATEMENT
Title The range of ethics :
Remainder of title introductory readings East-West Students.//
Statement of responsibility, etc. H. Titus, Harold and T. Keeton, Morris.
260 ## - PUBLICATION, DISTRIBUTION, ETC.
Place of publication, distribution, etc. New Delhi.
Name of publisher, distributor, etc. A, E. - W. Press.
Date of publication, distribution, etc. 1972
300 ## - PHYSICAL DESCRIPTION
Extent x, 418p
650 #0 - SUBJECT ADDED ENTRY--TOPICAL TERM
Topical term following geographic name entry element Ethics.
9 (RLIN) 21954
942 ## - ADDED ENTRY ELEMENTS (KOHA)
Source of classification or shelving scheme Dewey Decimal Classification
Koha item type Books
Suppress in OPAC No
Holdings
Withdrawn status Lost status Source of classification or shelving scheme Damaged status Not for loan Home library Current library Shelving location Date acquired Source of acquisition Total Checkouts Full call number Barcode Date last seen Copy number Price effective from Koha item type
    Dewey Decimal Classification     Chittagong University Library Chittagong University Library Arts and Humanities Reading Room 04/26/2026 Purchase   177 TIR 90545 04/26/2026 C-1 04/26/2026 Books
    Dewey Decimal Classification     Chittagong University Library Chittagong University Library Arts and Humanities Reading Room 04/26/2026 Purchase   177 TIR 106325 04/26/2026 C-2 04/26/2026 Books
© Copyright 2026. Chittagong University Library, Installation and Maintenance by Prof. Dr. Md. Alamgir, 01711306253